000 00636nam a22002177a 4500
003 UA-OsUOA
001 75651
007 ta
008 20110527b un ||||| |||| 00| 0 ukr d
100 _aБобиль В.
090 _a330(477)
_bБ72
942 _cSA
040 _aUA-OsUOA
_bukr
_cUA-OsUOA
_dUA-OsUOA
245 _aСучасні стратегічні напрями управління банківськими ризиками за допомогою капіталу
300 _aС.12-23
955 _a0
041 _aukr
080 _a330(477)
773 0 _w75649
650 7 _a330 Економіка взагалі
_2UDC
999 _c361949
_d361949